Pierre Chareau /

Uložené v:
Podrobná bibliografia
Hlavný autor: Taylor, Brian Brace (Autor)
Médium: Kniha
Jazyk:English
Vydavateľské údaje: Köln : Taschen, 1992
Vydanie:1. vyd.
Predmet:
Tagy: Pridať tag
Žiadne tagy, Buďte prvý, kto otaguje tento záznam!

MARC

LEADER 00000nam a22000003a 4500
001 stu11291
005 20190425120545.8
008 950322s1992----gw------------------eng-d
040 |a STU  |b slo 
041 0 |a eng 
044 |a gw 
100 1 |a Taylor, Brian Brace  |4 aut 
245 1 |a Pierre Chareau /  |c aut. Brian Brace Taylor 
250 |a 1. vyd. 
260 |a Köln :  |b Taschen,  |c 1992 
300 |a 160 s. 
650 7 |a architekti európski  |2 stusub 
650 7 |a dizajn  |2 stusub 
996 |b 284AU02422  |c A*2062 U  |l AAKNST  |s P  |a 0  |w stu11291_0001 
996 |b 284AU02535  |c A*4770 U  |l AAKNAR  |s A  |a 24  |w stu11291_0002